Los filósofos griegos: de Tales a Aristóteles

Guardat en:
Dades bibliogràfiques
Autor principal: Guthrie, William K. C (Autor)
Format: Llibre
Idioma:espanyol
Publicat: Ciudad de México Fondo de Cultura Económica 1994
Edició:2a. ed
Col·lecció:Breviarios, 88
Matèries:
Etiquetes: Afegir etiqueta
Sense etiquetes, Sigues el primer a etiquetar aquest registre!

MARC

LEADER 00000cam a2200000 a 4500
001 UCE6392
003 CL-VaPUC
008 150409e19940000mx |||||||||||||||||spa|d
020 |a 9789681645274 
082 0 4 |a 185  |b GUT  |2 21 
100 |a Guthrie, William K. C  |e author  |9 579049 
245 1 4 |a Los filósofos griegos: de Tales a Aristóteles 
250 |a 2a. ed 
300 |a 189 p 
942 |c BK 
945 |d 20150409 10:07:00  |a dcastane 
260 |a Ciudad de México  |b Fondo de Cultura Económica  |c 1994 
600 0 7 |a TALES DE MILETO  |2 CL-VaPUC  |9 335194 
600 0 |a HERACLITO  |9 848988 
600 0 |a Sócrates  |9 266368 
600 0 7 |a PLATON  |2 CL-VaPUC  |9 222 
600 0 |a Aristóteles,  |d 384 a.C.- 322 a.C.  |9 194 
650 0 |a Filosofía antigua   |9 255705 
650 0 |a Filosofía griega  |9 265579 
583 |a last modification  |c 20150409 10:07:00  |k Rodrigo Vera 
490 0 |a Breviarios, 88 
999 |c 358724  |d 358722 
952 |0 0  |1 0  |3 erb  |4 0  |6 185_000000000000000_GUT_1994  |7 0  |8 A  |9 467603  |a BIBEDU  |b BIBEDU  |i 5145171  |l 12  |m 5  |o 185 GUT 1994  |p 5145171  |r 2024-09-23  |s 2024-09-02  |w 2019-11-23  |y BK  |z Catalogado en:20150409  |k FIL